|
|
|
|
| LEADER |
00000nam0a2200000 4500 |
| 001 |
15717 |
| 005 |
20231101205033.0 |
| 010 |
|
|
|a 5751900073
|
| 035 |
|
|
|a (RuTPU)RU\TPU\book\15830
|
| 035 |
|
|
|a BOOK00015900
|
| 090 |
|
|
|a 15717
|
| 100 |
|
|
|a 20011209d1994 m y0rusy50 ca
|
| 101 |
1 |
|
|a rus
|c eng
|
| 102 |
|
|
|a RU
|
| 105 |
|
|
|a a z 000zy
|
| 200 |
1 |
|
|a Ранние цивилизации
|e пер. с англ.
|f Дж. Чизхолм, Э. Миллард
|
| 210 |
|
|
|a Москва
|c Росмэн
|d 1994
|
| 215 |
|
|
|a 96 с.
|c ил.
|
| 225 |
1 |
|
|a Иллюстрированная мировая история
|
| 606 |
|
|
|a Древний мир
|x История
|2 stltpush
|3 (RuTPU)RU\TPU\subj\58991
|9 76659
|
| 610 |
1 |
|
|a история
|
| 610 |
1 |
|
|a Всемирная история
|
| 610 |
1 |
|
|a ранние цивилизации
|
| 610 |
1 |
|
|a Шумер
|
| 610 |
1 |
|
|a Египет древний
|
| 610 |
1 |
|
|a Ассирия древняя
|
| 610 |
1 |
|
|a Вавилон
|
| 686 |
|
|
|a Т3(0)3
|v LBC/SL-A
|2 rubbk
|
| 700 |
|
1 |
|a Чизхолм
|b Дж.
|g Джейн
|
| 701 |
|
1 |
|a Миллард
|b Э.
|g Энн
|
| 801 |
|
0 |
|a RU
|b 63413507
|c 20011209
|g PSBO
|
| 801 |
|
2 |
|a RU
|b 63413507
|c 20180928
|g PSBO
|
| 942 |
|
|
|c BK
|